000 01188nam a2200301Ia 4500
001 ebr10608754
003 CaPaEBR
006 m u
007 cr cn|||||||||
008 121015s2012 cm sb 000 0 eng d
020 _z9789956727438
020 _z9789956728855 (ebook)
040 _aCaPaEBR
_cCaPaEBR
035 _a(OCoLC)820860266
050 1 4 _aBJ1474
_b.T36 2012eb
100 1 _aTangonyire, Raymond Chegedua.
245 1 0 _aEconomic behaviour as if others too had interests
_h[electronic resource] /
_cRaymond Chegedua Tangonyire & Lawrence Kyaligonza Achal.
260 _aBamenda, Cameroon :
_bLangaa RPCIG,
_cc2012.
300 _axii, 222 p.
504 _aIncludes bibliographical references.
533 _aElectronic reproduction.
_bPalo Alto, Calif. :
_cebrary,
_d2011.
_nAvailable via World Wide Web.
_nAccess may be limited to ebrary affiliated libraries.
650 0 _aEgoism.
650 0 _aSelf-interest.
655 7 _aElectronic books.
_2local
700 1 _aAchal, Lawrence Kyaligonza.
710 2 _aebrary, Inc.
856 4 0 _uhttp://site.ebrary.com/lib/rucke/Doc?id=10608754
_zAn electronic book accessible through the World Wide Web; click to view
999 _c207571
_d207571